[Event "IV Open Citta di Castellaneta"]
[Site "Castellaneta (TA)"]
[Date "2000.08.30"]
[Round "4"]
[White "Rotoni, Fabrizio"]
[Black "De Vita, Igor"]
[Result "1/2-1/2"]
[WhiteElo "2095"]
[BlackElo "2141"]
[PlyCount "60"]
[EventDate "2000.08.??"]

1. d4 Nf6 2. Nf3 g6 3. Nbd2 Bg7 4. e4 d6 5. Bd3 O-O 6. O-O Re8 7. c3 c6 8. Qe2
e5 9. dxe5 dxe5 10. Rd1 Qc7 11. Nc4 Bg4 12. h3 Bxf3 13. Qxf3 b5 14. Ne3 Nbd7
15. Nf1 Nc5 16. Bc2 Ne6 17. g3 Red8 18. Be3 Nd7 19. a4 a6 20. Qe2 Bf8 21. h4
Bc5 22. h5 Nf6 23. Rxd8+ Rxd8 24. hxg6 hxg6 25. Bxc5 Nxc5 26. Qe3 Qe7 27. axb5
axb5 28. b4 Ne6 29. Bb3 Kg7 30. Ra6 Rd6 1/2-1/2

[Event "IV Open Citta di Castellaneta"]
[Site "Castellaneta (TA)"]
[Date "2000.08.30"]
[Round "4"]
[White "Safranska, Anda"]
[Black "Mrdja, Milan"]
[Result "1-0"]
[WhiteElo "2337"]
[BlackElo "2431"]
[PlyCount "97"]
[EventDate "2000.08.??"]

1. e4 c5 2. Nf3 d6 3. Bc4 e6 4. Qe2 Nf6 5. c3 Be7 6. Bb3 O-O 7. O-O b6 8. d3
Ba6 9. Re1 Nc6 10. Nbd2 Ne5 11. Bc2 Qc7 12. Nf1 Rac8 13. Ng3 Rfd8 14. h3 Nfd7
15. Nh2 Bh4 16. Nhf1 Ng6 17. f4 Re8 18. Qf3 Bb7 19. Re2 f5 20. Qe3 fxe4 21.
dxe4 e5 22. f5 Nf4 23. Rd2 c4 24. Rd1 Nc5 25. Qf3 d5 26. exd5 Ncd3 27. Bxf4
exf4 28. Bxd3 cxd3 29. Nh5 Qc5+ 30. Kh1 Bxd5 31. Qg4 Qe7 32. Nxf4 Be4 33. Nd2
Bc6 34. Nf3 Bf6 35. Rxd3 Rcd8 36. Rxd8 Rxd8 37. Nh5 Bxf3 38. Nxf6+ Qxf6 39.
Qxf3 Rd2 40. Re1 h6 41. b4 Kh7 42. Re6 Qf7 43. Qg4 h5 44. Qf4 Rxa2 45. Rc6 Ra1+
46. Kh2 Re1 47. h4 Re7 48. Qg5 Rc7 49. Qg6+ *

[Event "IV Open Citta di Castellaneta"]
[Site "Castellaneta (TA)"]
[Date "2000.08.30"]
[Round "4"]
[White "Sardo, Gabriele"]
[Black "Gardon, Ermanno"]
[Result "0-1"]
[WhiteElo "2189"]
[BlackElo "2081"]
[PlyCount "84"]
[EventDate "2000.08.??"]

1. e4 e6 2. Nc3 c5 3. f4 Nc6 4. Nf3 d6 5. g3 Nf6 6. Bg2 Be7 7. O-O Qc7 8. d4
cxd4 9. Nxd4 O-O 10. Be3 a6 11. h3 Bd7 12. Qe2 Rfe8 13. Rad1 Rad8 14. g4 Nxd4
15. Bxd4 Bc6 16. g5 Nd7 17. Qf2 Bf8 18. h4 b5 19. a3 Qb7 20. f5 exf5 21. exf5
Ne5 22. Bxc6 Qxc6 23. Qg2 Qxg2+ 24. Kxg2 Nc4 25. Nd5 Rc8 26. Rf2 Re4 27. Kg3
Ne5 28. Nc3 Rg4+ 29. Kh3 Rc4 30. Ne2 Re4 31. c3 Ng4 32. Rg2 Ne3 33. Bxe3 Rxe3+
34. Ng3 Rf3 35. Rgd2 Rff4 36. Rd4 Rcxd4 37. Rxd4 Rf2 38. Rb4 d5 39. Rb3 Bd6 40.
Nh5 Rxf5 41. a4 bxa4 42. Rb6 Bf8 0-1

[Event "IV Open Citta di Castellaneta"]
[Site "Castellaneta (TA)"]
[Date "2000.08.30"]
[Round "4"]
[White "Savchenko, Stanislav"]
[Black "Ausmins, Elmar"]
[Result "1-0"]
[WhiteElo "2579"]
[BlackElo "2324"]
[PlyCount "55"]
[EventDate "2000.08.??"]

1. d4 g6 2. c4 Bg7 3. e4 d6 4. Nc3 Nf6 5. Nf3 O-O 6. Be2 e5 7. O-O Nc6 8. d5
Ne7 9. b4 Nh5 10. Re1 h6 11. Nd2 Nf4 12. Bf1 Kh8 13. c5 f5 14. Nc4 fxe4 15.
cxd6 cxd6 16. Nxe4 Nfxd5 17. Ncxd6 Qb6 18. Nc4 Qe6 19. Bb2 Nxb4 20. Nxe5 Qd5
21. Bc4 Qxd1 22. Raxd1 Nbc6 23. Nxc6 Nxc6 24. Ba3 Rd8 25. Rxd8+ Nxd8 26. Nc5
Bf6 27. Re8+ Kg7 28. Ne4 1-0

[Event "IV Open Citta di Castellaneta"]
[Site "Castellaneta (TA)"]
[Date "2000.08.30"]
[Round "4"]
[White "Sibilio, Mario"]
[Black "Indelicati, Giuseppe"]
[Result "1/2-1/2"]
[WhiteElo "2381"]
[BlackElo "2202"]
[PlyCount "51"]
[EventDate "2000.08.??"]

1. d4 Nf6 2. Nf3 g6 3. g3 Bg7 4. Bg2 d6 5. c4 O-O 6. Nc3 Nc6 7. O-O Nd7 8. b3
e5 9. Be3 Ne7 10. dxe5 dxe5 11. Rc1 Nf5 12. Bg5 f6 13. Bd2 Nc5 14. b4 Ne6 15.
e3 c6 16. Ne4 Qe7 17. Qb3 Rd8 18. Rfd1 Kh8 19. Bc3 Bd7 20. c5 Nc7 21. g4 Nh6
22. Nxf6 Bxg4 23. Nxg4 Nxg4 24. h3 Nh6 25. e4 Nf7 26. Bd2 1/2-1/2

[Event "IV Open Citta di Castellaneta"]
[Site "Castellaneta (TA)"]
[Date "2000.08.30"]
[Round "4"]
[White "Tommaselli, Giacomo"]
[Black "Capone, Vincenzo"]
[Result "1/2-1/2"]
[WhiteElo "2102"]
[BlackElo "2165"]
[PlyCount "33"]
[EventDate "2000.08.??"]

1. d4 Nf6 2. Nf3 g6 3. Bg5 Bg7 4. e3 d6 5. Bd3 O-O 6. Nbd2 h6 7. Bh4 Nbd7 8.
O-O c5 9. c3 a6 10. a4 b6 11. h3 Bb7 12. Re1 e6 13. Bg3 d5 14. Ne5 Nxe5 15.
Bxe5 Nd7 16. Bxg7 Kxg7 17. f4 1/2-1/2

[Event "IV Open Citta di Castellaneta"]
[Site "Castellaneta (TA)"]
[Date "2000.08.30"]
[Round "4"]
[White "Verrascina, Nicola"]
[Black "Ferri, Stefano"]
[Result "1/2-1/2"]
[WhiteElo "2140"]
[BlackElo "2089"]
[PlyCount "133"]
[EventDate "2000.08.??"]

1. e4 c5 2. d4 cxd4 3. c3 Nf6 4. e5 Nd5 5. Nf3 e6 6. cxd4 b6 7. Nc3 Nxc3 8.
bxc3 Qc7 9. Bd2 d6 10. Bd3 Nd7 11. Qe2 Bb7 12. O-O Be7 13. Rfe1 O-O 14. Bg5
Bxf3 15. Qxf3 Bxg5 16. Qh5 h6 17. h4 Be7 18. Re3 f5 19. exf6 Nxf6 20. Qg6 Bd8
21. Rxe6 Qf7 22. Rxf6 Qxf6 23. Qh7+ Kf7 24. Bc4+ Ke7 25. Qe4+ Kd7 26. Qxa8
Qxf2+ 27. Kh1 Qxh4+ 28. Kg1 Qf2+ 29. Kh1 Rf4 30. Qb7+ Ke8 31. Qc6+ Ke7 32. Qb7+
Kf8 33. g3 Rf5 34. g4 Qh4+ 35. Kg1 Qxg4+ 36. Qg2 Qxg2+ 37. Kxg2 Bf6 38. Re1 Be7
39. Be6 Ra5 40. Kf3 h5 41. Kg3 Ra3 42. Rf1+ Bf6 43. Rf3 Ke7 44. Bg8 Kd7 45. Bd5
b5 46. Bf7 h4+ 47. Kg4 b4 48. Bb3 bxc3 49. Rxc3 Ra5 50. Rd3 d5 51. Rf3 Kd6 52.
Rf5 Ke6 53. Kf4 Bxd4 54. Rxd5 Rxd5 55. Ke4 Kf6 56. Bxd5 Bc5 57. Kf4 Bd6+ 58.
Kg4 Ke5 59. Bc4 Be7 60. Bf1 Ke4 61. Bg2+ Ke3 62. Bd5 Kf2 63. Bc6 Bd8 64. Bd5
Kg1 65. Be6 Kh2 66. Bd5 h3 67. Bc6 1/2-1/2

[Event "IV Open Citta di Castellaneta"]
[Site "Castellaneta (TA)"]
[Date "2000.08.30"]
[Round "4"]
[White "Vujovic, Milorad"]
[Black "Foisor, Cristina"]
[Result "0-1"]
[WhiteElo "2275"]
[BlackElo "2386"]
[PlyCount "110"]
[EventDate "2000.08.??"]

1. c4 g6 2. g3 Bg7 3. Bg2 c5 4. Nc3 Nc6 5. e3 Bxc3 6. bxc3 f5 7. d3 Nf6 8. Ne2
d6 9. Rb1 Qc7 10. Nf4 e6 11. h4 O-O 12. O-O Rb8 13. Qe2 Nd8 14. Bd2 b6 15. Rb2
Bb7 16. Rfb1 Bxg2 17. Nxg2 Qc6 18. f3 Nf7 19. Rb5 d5 20. d4 dxc4 21. dxc5 Ne5
22. Ne1 Nfd7 23. cxb6 Rxb6 24. Rxb6 axb6 25. Rd1 Nc5 26. Bc1 Ra8 27. f4 Ned3
28. h5 Nxe1 29. Rxe1 Nd3 30. Rd1 Qe4 31. h6 Kf7 32. Rf1 Ra5 33. Kh2 Qa8 34. a3
Rb5 35. Kg1 Qe4 36. Qc2 Rb3 37. Bd2 b5 38. Bc1 Kf6 39. Kh2 Nc5 40. Qf2 Rb1 41.
g4 Kf7 42. Rd1 Nd3 43. Qa2 Rb3 44. gxf5 exf5 45. Rf1 Qe7 46. Kh3 Qb7 47. Kh2
Qe4 48. Rd1 Ke6 49. Rf1 Nc5 50. Qf2 Rxc3 51. Qg3 Rc2+ 52. Kh3 Nd3 53. Rg1 Nf2+
54. Kh4 Ng4 55. Kh3 Rf2 0-1

[Event "IV Open Citta di Castellaneta"]
[Site "Castellaneta (TA)"]
[Date "2000.08.31"]
[Round "5"]
[White "Aleksic, Nenad"]
[Black "Ljubisavljevic, Zivojin"]
[Result "1-0"]
[WhiteElo "2407"]
[BlackElo "2282"]
[PlyCount "49"]
[EventDate "2000.08.??"]

1. e4 c5 2. Nf3 e6 3. d4 cxd4 4. Nxd4 Nf6 5. Nc3 d6 6. Be3 a6 7. Qd2 Be7 8. f3
O-O 9. g4 Nc6 10. O-O-O Bd7 11. g5 Ne8 12. h4 Nc7 13. Nxc6 Bxc6 14. h5 Nb5 15.
Na4 d5 16. Nb6 dxe4 17. Nxa8 Qxa8 18. f4 Nd6 19. Bh3 Nf5 20. Bxf5 exf5 21. h6
gxh6 22. Qc3 f6 23. Bd4 Rf7 24. Bxf6 Bxf6 25. gxf6 1-0

[Event "IV Open Citta di Castellaneta"]
[Site "Castellaneta (TA)"]
[Date "2000.08.31"]
[Round "5"]
[White "Artizzu, Giulio"]
[Black "Cetkovic, Sergio"]
[Result "1-0"]
[WhiteElo "2095"]
[BlackElo "2192"]
[PlyCount "97"]
[EventDate "2000.08.??"]

1. e4 g6 2. d4 Bg7 3. Nf3 d6 4. h3 c6 5. a4 Nf6 6. Nc3 O-O 7. Be2 Nbd7 8. O-O
e5 9. Re1 Qc7 10. Bc4 a6 11. Be3 b6 12. d5 cxd5 13. Bxd5 Rb8 14. Qd2 Bb7 15.
Bxb7 Rxb7 16. Bg5 b5 17. axb5 axb5 18. Bxf6 Nxf6 19. Ra6 Rb6 20. Rxb6 Qxb6 21.
Nd5 Nxd5 22. Qxd5 Bf6 23. Ra1 Rc8 24. Ra8 Rxa8 25. Qxa8+ Kg7 26. Qd5 Be7 27. g4
Qa6 28. Kg2 b4 29. b3 Qe2 30. Qb7 Bd8 31. Qxb4 Qxc2 32. Qxd6 Bc7 33. Qd5 f6 34.
Qc4 Qxc4 35. bxc4 g5 36. Nd2 Kf7 37. Kf1 Ke7 38. Nb3 Kd6 39. Ke2 Kc6 40. Kd3
Bb6 41. f3 Bc7 42. Kc3 Bb6 43. Kb4 Bf2 44. c5 Be1+ 45. Kc4 h6 46. Nc1 Bf2 47.
Nd3 Be3 48. Nb4+ Kc7 49. Nd5+ 1-0

[Event "IV Open Citta di Castellaneta"]
[Site "Castellaneta (TA)"]
[Date "2000.08.31"]
[Round "5"]
[White "Ausmins, Elmar"]
[Black "Curione, Francesco"]
[Result "1-0"]
[WhiteElo "2324"]
[BlackElo "2195"]
[PlyCount "70"]
[EventDate "2000.08.??"]

1. d4 d6 2. e4 g6 3. f4 c5 4. d5 Bg7 5. c4 e6 6. Nc3 exd5 7. cxd5 Ne7 8. Nf3
Bg4 9. Be3 O-O 10. h3 Bxf3 11. Qxf3 Qb6 12. Qf2 Qb4 13. Qc2 f5 14. a3 Qa5 15.
e5 dxe5 16. Bc4 Nc8 17. d6+ Kh8 18. O-O-O Nd7 19. h4 h5 20. g4 exf4 21. Bd2 Ne5
22. Nd5 Qd8 23. Nxf4 Nxd6 24. Ba2 Nb5 25. Bc3 Nd4 26. Qg2 hxg4 27. h5 Bh6 28.
hxg6 Kg7 29. Rxh6 Kxh6 30. Qh2+ Kg5 31. Bxd4 Nf3 32. Ne6+ Kxg6 33. Nf4+ Kg5 34.
Ne6+ Kg6 35. Qg2 cxd4 *

[Event "IV Open Citta di Castellaneta"]
[Site "Castellaneta (TA)"]
[Date "2000.08.31"]
[Round "5"]
[White "Benedetti, Fabrizio"]
[Black "De Santis, Alessio"]
[Result "0-1"]
[WhiteElo "2238"]
[BlackElo "2309"]
[PlyCount "50"]
[EventDate "2000.08.??"]

1. e4 d6 2. d4 Nf6 3. Nc3 c6 4. Nf3 Bg4 5. Be2 e6 6. Be3 d5 7. exd5 cxd5 8. Ne5
Bxe2 9. Qxe2 Nc6 10. Nxc6 bxc6 11. O-O Bd6 12. Qf3 Qb8 13. Rab1 Bxh2+ 14. Kh1
Bd6 15. b4 O-O 16. b5 Qc7 17. Bg5 Nd7 18. bxc6 Qxc6 19. Nb5 Nb6 20. Rb3 f6 21.
Qg4 Bb8 22. Bd2 Nc4 23. Qe2 e5 24. Qd3 e4 25. Qe2 f5 *

[Event "IV Open Citta di Castellaneta"]
[Site "Castellaneta (TA)"]
[Date "2000.08.31"]
[Round "5"]
[White "Bratanov, Zsivko"]
[Black "Passerotti, Pierluigi"]
[Result "1-0"]
[WhiteElo "2400"]
[BlackElo "2265"]
[PlyCount "59"]
[EventDate "2000.08.??"]

1. d4 f5 2. Nc3 Nf6 3. Bg5 d5 4. f3 g6 5. Qd2 Bg7 6. Bh6 Bxh6 7. Qxh6 Be6 8.
O-O-O Kd7 9. e4 Qf8 10. Qh4 Kc8 11. Nh3 fxe4 12. fxe4 Nxe4 13. Nxe4 dxe4 14.
Ng5 Qf6 15. Qg3 Bf5 16. Qe3 Nd7 17. Be2 h6 18. Nh3 g5 19. Nf2 Bg6 20. Rhf1 Qe6
21. Qc3 Rd8 22. Ng4 h5 23. Ne5 Nxe5 24. dxe5 Rxd1+ 25. Kxd1 b5 26. Qc5 a6 27.
Bxb5 axb5 28. Rf8+ Kb7 29. Qxb5+ Qb6 30. Qd5+ 1-0

[Event "IV Open Citta di Castellaneta"]
[Site "Castellaneta (TA)"]
[Date "2000.08.31"]
[Round "5"]
[White "Campanile, Roberto"]
[Black "Tommaselli, Giacomo"]
[Result "1/2-1/2"]
[WhiteElo "2173"]
[BlackElo "2102"]
[PlyCount "52"]
[EventDate "2000.08.??"]

1. d4 d5 2. Nf3 e6 3. Bf4 c5 4. e3 Nc6 5. c3 Nf6 6. Nbd2 Be7 7. Bd3 Nh5 8. Bg3
Nxg3 9. hxg3 h6 10. a3 c4 11. Bc2 Qa5 12. Qe2 Bd7 13. e4 O-O-O 14. e5 f6 15.
Nh4 fxe5 16. dxe5 Bc5 17. Ng6 Rhe8 18. O-O Qc7 19. b4 cxb3 20. Nxb3 Bb6 21.
Rfc1 Kb8 22. Rab1 Na5 23. Bd3 Nc4 24. Ra1 Rc8 25. a4 a6 26. a5 Ba7 1/2-1/2

[Event "IV Open Citta di Castellaneta"]
[Site "Castellaneta (TA)"]
[Date "2000.08.31"]
[Round "5"]
[White "Capone, Vincenzo"]
[Black "Rotoni, Fabrizio"]
[Result "0-1"]
[WhiteElo "2165"]
[BlackElo "2095"]
[PlyCount "56"]
[EventDate "2000.08.??"]

1. e4 d5 2. exd5 Qxd5 3. Nc3 Qa5 4. d4 Nf6 5. Bc4 Bg4 6. f3 Bf5 7. Bd2 Qb6 8.
Qe2 Nc6 9. Na4 Qxd4 10. Be3 Qe5 11. O-O-O e6 12. Qf2 Bd6 13. Ne2 O-O 14. Nec3
Rfd8 15. Bb5 Nd5 16. Bg5 Nxc3 17. Nxc3 Bc5 18. Qh4 Be3+ 19. Bxe3 Qxe3+ 20. Kb1
Rd4 21. Qg3 Rad8 22. Qxc7 Rxd1+ 23. Rxd1 Rxd1+ 24. Nxd1 Qd2 25. Qc8+ Nd8 26.
Be2 h6 27. Qc4 b5 28. Qc7 Kh7 0-1

[Event "IV Open Citta di Castellaneta"]
[Site "Castellaneta (TA)"]
[Date "2000.08.31"]
[Round "5"]
[White "Clemente, Giuseppe"]
[Black "Pulito, Alberto"]
[Result "0-1"]
[WhiteElo "1903"]
[BlackElo "2086"]
[PlyCount "90"]
[EventDate "2000.08.??"]

1. d4 d5 2. c4 e6 3. Nf3 c6 4. Nc3 Nf6 5. Bg5 Nbd7 6. a3 dxc4 7. e3 b5 8. Be2
Bb7 9. O-O Be7 10. Qc2 a6 11. e4 O-O 12. e5 Ne8 13. Bxe7 Qxe7 14. Nd2 c5 15.
dxc5 Qxc5 16. Bf3 Bxf3 17. Nxf3 Nxe5 18. Nxe5 Qxe5 19. Rfe1 Qc7 20. Rad1 Nf6
21. h3 Rfd8 22. Ne4 Nxe4 23. Qxe4 Rac8 24. Qf3 h6 25. Re3 Rxd1+ 26. Qxd1 Rd8
27. Qc2 Qd6 28. Qe4 Qd5 29. Qf4 Qd1+ 30. Kh2 Qd6 31. Qxd6 Rxd6 32. Re2 Rd3 33.
Rc2 Kf8 34. Kg1 Ke7 35. Kf1 Kd6 36. Ke2 Kc5 37. g3 a5 38. h4 b4 39. axb4+ axb4
40. h5 b3 41. Rc1 Kb4 42. g4 Rh3 43. Kd2 Rh4 44. Rg1 Rh2 45. Rf1 Rg2 0-1

[Event "IV Open Citta di Castellaneta"]
[Site "Castellaneta (TA)"]
[Date "2000.08.31"]
[Round "5"]
[White "Coratella, Giuseppe"]
[Black "Capuano, Eugenio"]
[Result "1-0"]
[WhiteElo "2077"]
[BlackElo "2176"]
[PlyCount "99"]
[EventDate "2000.08.??"]

1. e4 c5 2. Nf3 Nc6 3. Nc3 g6 4. d4 cxd4 5. Nxd4 Bg7 6. Be3 Nf6 7. Be2 O-O 8.
Nb3 d6 9. O-O Be6 10. f4 Rc8 11. Kh1 Na5 12. e5 Ne8 13. Nxa5 Qxa5 14. Bg4 Bxg4
15. Qxg4 e6 16. Qf3 dxe5 17. Qxb7 Nd6 18. Qxa7 Qxa7 19. Bxa7 Nc4 20. fxe5 Bxe5
21. Ne4 Bxb2 22. Rab1 Ra8 23. Bc5 Rfc8 24. Bb4 Rxa2 25. Ng5 Ne3 26. Rf3 Nxc2
27. Bd6 Nd4 28. Rf2 Ra1 29. Rxa1 Bxa1 30. h3 Nf5 31. Bf4 Bd4 32. Rf1 Be3 33.
Bxe3 Nxe3 34. Re1 Nd5 35. Kh2 Rc2 36. Kg3 h6 37. Nf3 Kg7 38. Ra1 g5 39. h4 Kf6
40. Ra7 Rc3 41. hxg5+ hxg5 42. Kf2 Nf4 43. Nd4 Rc4 44. Rd7 Nd5 45. Nf3 g4 46.
Rxf7+ Kxf7 47. Ne5+ Kf6 48. Nxc4 Nf4 49. g3 Nd3+ 50. Ke2 *

[Event "IV Open Citta di Castellaneta"]
[Site "Castellaneta (TA)"]
[Date "2000.08.31"]
[Round "5"]
[White "De Vita, Igor"]
[Black "Tamborino, Pasquale"]
[Result "1/2-1/2"]
[WhiteElo "2141"]
[BlackElo "1912"]
[PlyCount "72"]
[EventDate "2000.08.??"]

1. e4 e5 2. Nf3 Nc6 3. Bc4 Nf6 4. d3 Bc5 5. O-O d6 6. h3 h6 7. c3 O-O 8. b4 Bb6
9. a4 a6 10. Qe2 Re8 11. Be3 Bxe3 12. fxe3 d5 13. exd5 Nxd5 14. Bxd5 Qxd5 15.
e4 Qd6 16. Na3 Be6 17. Nc4 Bxc4 18. dxc4 Rad8 19. Rad1 Qe7 20. Rd5 Rxd5 21.
cxd5 Nb8 22. Qd2 a5 23. Ne1 b6 24. Nd3 Nd7 25. Qe3 Ra8 26. Ra1 Kh7 27. Kh2 g6
28. g4 Kg7 29. b5 Rd8 30. c4 Nc5 31. Nxc5 Qxc5 32. Qxc5 bxc5 33. Rb1 Rd6 34.
Kg3 f6 35. h4 g5 36. Rh1 Rb6 1/2-1/2

[Event "IV Open Citta di Castellaneta"]
[Site "Castellaneta (TA)"]
[Date "2000.08.31"]
[Round "5"]
[White "Esposito, Luca"]
[Black "Piscopo, Pierluigi"]
[Result "0-1"]
[WhiteElo "2175"]
[BlackElo "2134"]
[PlyCount "84"]
[EventDate "2000.08.??"]

1. c4 g6 2. Nc3 Bg7 3. e4 c5 4. Nge2 Nc6 5. g3 e6 6. Bg2 Nge7 7. O-O O-O 8. d3
d6 9. Rb1 Rb8 10. Be3 Nd4 11. b4 b6 12. a3 Bb7 13. Bf4 Nxe2+ 14. Nxe2 Ra8 15.
Bg5 h6 16. Be3 Qd7 17. Qd2 Kh7 18. d4 cxd4 19. Bxd4 Rfd8 20. Bxg7 Kxg7 21. Rfd1
Rac8 22. Rbc1 Rc7 23. Nd4 Ba6 24. Bf1 e5 25. Nb3 Qe6 26. b5 Bb7 27. Re1 f5 28.
f3 fxe4 29. fxe4 Ng8 30. Bd3 Nf6 31. Qe2 h5 32. h4 Rf8 33. Nd2 Rcf7 34. Rf1 Qc8
35. c5 bxc5 36. Nf3 Qh3 37. Ng5 Qxg3+ 38. Qg2 Qe3+ 39. Kh1 Qxd3 40. Rcd1 Qc4
41. Rxd6 Bxe4 42. Nxe4 Qxe4 0-1

[Event "IV Open Citta di Castellaneta"]
[Site "Castellaneta (TA)"]
[Date "2000.08.31"]
[Round "5"]
[White "Falbo, Sandro"]
[Black "Gueci, Riccardo"]
[Result "0-1"]
[WhiteElo "2078"]
[BlackElo "2169"]
[PlyCount "68"]
[EventDate "2000.08.??"]

1. e4 c5 2. Nf3 Nc6 3. Bb5 g6 4. O-O Bg7 5. c3 Nf6 6. d4 cxd4 7. cxd4 d5 8. Ne5
Bd7 9. Nxd7 Qxd7 10. Nc3 O-O 11. Bg5 Nxe4 12. Nxe4 dxe4 13. d5 Qf5 14. dxc6
Qxb5 15. Bxe7 Rfe8 16. cxb7 Qxb7 17. Bg5 Qxb2 18. Qa4 Bd4 19. Rad1 Bb6 20. Rd7
Qe5 21. h4 Qf5 22. Be3 Qg4 23. Qc6 Qxh4 24. Bxb6 axb6 25. Qxb6 Qg4 26. Rfd1 e3
27. fxe3 Rxa2 28. Qb7 Qe2 29. Qd5 Qf2+ 30. Kh1 Ra4 31. Rd4 Rxd4 32. Qxd4 Qxe3
33. Qf6 Qe1+ 34. Kh2 Qe5+ 0-1

[Event "IV Open Citta di Castellaneta"]
[Site "Castellaneta (TA)"]
[Date "2000.08.31"]
[Round "5"]
[White "Ferretti, Folco"]
[Black "Mazzilli, Piero"]
[Result "0-1"]
[WhiteElo "2278"]
[BlackElo "2183"]
[PlyCount "54"]
[EventDate "2000.08.??"]

1. e4 c5 2. Nf3 d6 3. Bb5+ Bd7 4. Bxd7+ Qxd7 5. c4 Nc6 6. Nc3 g6 7. d4 cxd4 8.
Nxd4 Bg7 9. Be3 Nf6 10. f3 O-O 11. O-O e6 12. Qd2 Rfd8 13. Rfd1 d5 14. exd5
exd5 15. c5 Rac8 16. Nxc6 bxc6 17. Bd4 Re8 18. b4 Nh5 19. Bxg7 Nxg7 20. Ne4 Re6
21. Nd6 Rb8 22. a4 Ne8 23. Ne4 Qe7 24. Ng3 a5 25. Rab1 axb4 26. Qd4 Nc7 27.
Rxb4 Re1+ 0-1

[Event "IV Open Citta di Castellaneta"]
[Site "Castellaneta (TA)"]
[Date "2000.08.31"]
[Round "5"]
[White "Ferri, Stefano"]
[Black "Ariete, Gerardo"]
[Result "0-1"]
[WhiteElo "2089"]
[BlackElo "1933"]
[PlyCount "88"]
[EventDate "2000.08.??"]

1. d4 f5 2. h4 Nf6 3. Bg5 e6 4. e3 d5 5. Nh3 c5 6. c3 Nc6 7. Nd2 Bd7 8. Nf4 Bd6
9. Bd3 Qe7 10. Nf3 Qf7 11. h5 Ne4 12. Qe2 c4 13. Bc2 Ne7 14. O-O-O O-O-O 15.
Bh4 Kb8 16. Ne5 Bxe5 17. dxe5 Rc8 18. f3 Nc5 19. Bg3 Ka8 20. e4 Bc6 21. exf5
Nxf5 22. Bf2 Ba4 23. g4 Bxc2 24. Kxc2 Ne7 25. Qe3 Rhf8 26. Bg3 b6 27. Rhf1 Qe8
28. b4 cxb3+ 29. axb3 Qb5 30. Rb1 Nc6 31. Rfd1 Na5 32. Qe2 Qc6 33. Qe3 Ncxb3
34. Rxb3 Qa4 35. Rdb1 Nxb3 36. Rxb3 d4 37. Qe4+ Kb8 38. Kb2 Rxc3 39. Rxc3 dxc3+
40. Kxc3 Rc8+ 41. Kd3 Qd1+ 42. Ke3 Qg1+ 43. Bf2 Qc1+ 44. Kd3 Rc3+ 0-1

[Event "IV Open Citta di Castellaneta"]
[Site "Castellaneta (TA)"]
[Date "2000.08.31"]
[Round "5"]
[White "Foisor, Cristina"]
[Black "Glek, Igor"]
[Result "0-1"]
[WhiteElo "2386"]
[BlackElo "2553"]
[PlyCount "91"]
[EventDate "2000.08.??"]

1. Nf3 g6 2. g3 Bg7 3. d4 c5 4. d5 d6 5. Bg2 b5 6. O-O Nf6 7. c4 bxc4 8. Nfd2
Ba6 9. Nxc4 O-O 10. Nba3 Nbd7 11. Qc2 Nb6 12. Rd1 Rb8 13. h3 Nxc4 14. Nxc4 Rb4
15. Ne3 Qb6 16. a3 Rb3 17. Nc4 Bxc4 18. Qxc4 Rb8 19. Ra2 Nd7 20. Qa4 Rb7 21.
Be4 c4 22. Kg2 Qb5 23. Qxb5 R3xb5 24. Rd2 Nc5 25. Bf3 Bh6 26. e3 Nd3 27. Rd1
Bg7 28. Be2 Rb3 29. Bxd3 cxd3 30. a4 Rc7 31. Ra3 Rxa3 32. bxa3 Rc2 33. Bd2 Bc3
34. Bxc3 Rxc3 35. Kf3 Rxa3 36. e4 d2+ 37. Ke2 Rxa4 38. Rxd2 Rxe4+ 39. Kf3 Rb4
40. Ra2 Rb7 41. Ra6 Kg7 42. h4 Kf6 43. Ke4 h5 44. f4 Rb4+ 45. Ke3 Rb3+ 46. Ke4
0-1

[Event "IV Open Citta di Castellaneta"]
[Site "Castellaneta (TA)"]
[Date "2000.08.31"]
[Round "5"]
[White "Galioto, Natale"]
[Black "Bentivegna, Francesco"]
[Result "1-0"]
[WhiteElo "2128"]
[BlackElo "2173"]
[PlyCount "71"]
[EventDate "2000.08.??"]

1. e4 c5 2. Nf3 Nc6 3. d4 cxd4 4. Nxd4 Nf6 5. Nc3 e5 6. Ndb5 d6 7. Bg5 a6 8.
Na3 b5 9. Nd5 Qa5+ 10. Bd2 Qd8 11. Bg5 Be7 12. Bxf6 Bxf6 13. c3 O-O 14. Nc2 Rb8
15. Be2 Bg5 16. O-O f5 17. exf5 Bxf5 18. Nde3 Be6 19. Bg4 Bxg4 20. Qxg4 Kh8 21.
Rad1 Bxe3 22. Nxe3 Rf4 23. Qe2 Qf8 24. Nd5 Rf7 25. Qd2 Rd8 26. Rfe1 a5 27. Re2
Rb7 28. Qd3 Nb8 29. Qe4 Rf7 30. Red2 Nd7 31. Ne3 Nf6 32. Qc6 d5 33. Qxb5 Ne4
34. Rxd5 Rxd5 35. Qxd5 Nxf2 36. Qxf7 1-0

[Event "IV Open Citta di Castellaneta"]
[Site "Castellaneta (TA)"]
[Date "2000.08.31"]
[Round "5"]
[White "Gardon, Ermanno"]
[Black "Sibilio, Mario"]
[Result "0-1"]
[WhiteElo "2081"]
[BlackElo "2381"]
[PlyCount "78"]
[EventDate "2000.08.??"]

1. Nf3 Nf6 2. g3 g6 3. b4 Bg7 4. Bb2 d6 5. Bg2 e5 6. d3 c6 7. O-O a5 8. bxa5
Rxa5 9. Nbd2 O-O 10. Nc4 Ra8 11. a4 c5 12. Nfd2 Nc6 13. Nb3 Be6 14. Ne3 Qd7 15.
c4 Bh3 16. Bc3 Bxg2 17. Kxg2 Ne7 18. Nd2 Qc6+ 19. Kg1 Bh6 20. h3 Nh5 21. Kh2 f5
22. Ng2 Qd7 23. e3 Nc6 24. f4 Bg7 25. Nb3 exf4 26. Bxg7 fxg3+ 27. Kh1 Qxg7 28.
Qf3 Ne5 29. Qd5+ Kh8 30. Rab1 Qe7 31. Nd2 Nf6 32. Qxb7 Qxb7 33. Rxb7 Nxd3 34.
Rfb1 Rxa4 35. Nf4 Nxf4 36. exf4 Ra2 37. Nf3 Ne4 38. Rd7 Rfa8 39. Rdb7 g2+ 0-1

[Event "IV Open Citta di Castellaneta"]
[Site "Castellaneta (TA)"]
[Date "2000.08.31"]
[Round "5"]
[White "Genocchio, Daniele"]
[Black "Cucinella, Vincenzo"]
[Result "1-0"]
[WhiteElo "2201"]
[BlackElo "2116"]
[PlyCount "81"]
[EventDate "2000.08.??"]

1. e4 c5 2. Nf3 e6 3. d3 Nc6 4. g3 g6 5. d4 cxd4 6. Nxd4 d5 7. Nxc6 bxc6 8. Bg2
Bg7 9. O-O Ne7 10. c4 O-O 11. exd5 cxd5 12. Nc3 Ba6 13. Nb5 Bxb5 14. cxb5 Nf5
15. Re1 Rc8 16. a4 Qb6 17. Ra3 h5 18. Rd3 Qc5 19. Bh3 Qc2 20. Bxf5 Qxd1 21.
Rexd1 gxf5 22. Be3 Rc7 23. R1d2 Rb8 24. Kg2 Kh7 25. f3 Rd7 26. Kf2 Kg6 27. Ke2
Rc8 28. a5 Rc4 29. Rb3 d4 30. a6 Rdc7 31. Bf4 e5 32. b6 axb6 33. Rxb6+ Kh7 34.
Bg5 e4 35. fxe4 fxe4 36. b3 R4c5 37. Bf4 Rd7 38. Rb7 Rd8 39. a7 d3+ 40. Ke3 Ra5
41. Kxe4 1-0

[Event "IV Open Citta di Castellaneta"]
[Site "Castellaneta (TA)"]
[Date "2000.08.31"]
[Round "5"]
[White "Gorbatow, Alexej"]
[Black "Savchenko, Stanislav"]
[Result "1/2-1/2"]
[WhiteElo "2411"]
[BlackElo "2579"]
[PlyCount "80"]
[EventDate "2000.08.??"]

1. Nf3 d5 2. g3 Bg4 3. Bg2 Nd7 4. d4 e6 5. O-O Ngf6 6. Nbd2 Be7 7. Re1 O-O 8.
e4 c5 9. exd5 Nxd5 10. Ne4 Rc8 11. c4 N5f6 12. b3 Nxe4 13. Rxe4 Nf6 14. Re5 Bd6
15. Re1 cxd4 16. h3 Bxf3 17. Qxf3 b6 18. Bg5 h6 19. Bxf6 Qxf6 20. Qxf6 gxf6 21.
g4 d3 22. Rad1 Rfd8 23. Be4 d2 24. Re3 Bf4 25. Rd3 Rxd3 26. Bxd3 Rd8 27. Bc2
Rd4 28. Kf1 Kf8 29. Ke2 Ke7 30. Bd3 Kd6 31. b4 Kc6 32. Rb1 Rd7 33. c5 Rc7 34.
Rb3 Kd5 35. Ba6 f5 36. gxf5 exf5 37. Rd3+ Ke5 38. Bc4 bxc5 39. Rd5+ Kf6 40.
bxc5 Bg5 1/2-1/2

[Event "IV Open Citta di Castellaneta"]
[Site "Castellaneta (TA)"]
[Date "2000.08.31"]
[Round "5"]
[White "Grigore, George"]
[Black "Safranska, Anda"]
[Result "1-0"]
[WhiteElo "2508"]
[BlackElo "2337"]
[PlyCount "79"]
[EventDate "2000.08.??"]

1. d4 Nf6 2. c4 g6 3. Nc3 Bg7 4. e4 d6 5. Be2 O-O 6. Nf3 e5 7. O-O Nc6 8. d5
Ne7 9. Nd2 a5 10. a3 Nd7 11. Rb1 f5 12. b4 Kh8 13. f3 axb4 14. axb4 c6 15. Nb3
cxd5 16. cxd5 Nf6 17. Be3 Neg8 18. Na5 Bh6 19. Qc1 Bxe3+ 20. Qxe3 f4 21. Qf2 g5
22. Nc4 Ne8 23. Ra1 Rxa1 24. Rxa1 g4 25. fxg4 Qg5 26. h3 Ngf6 27. Bf3 Qg7 28.
Nb6 Nc7 29. Ra7 Na6 30. Ra8 Qc7 31. Nb5 Qc1+ 32. Kh2 Nc7 33. Nxc7 Qxc7 34. g5
Ng8 35. Bg4 Bxg4 36. Rxf8 Bh5 37. Rc8 Qf7 38. Nc4 Bg6 39. Qb6 f3 40. Qxd6 1-0